[Event "Tata Steel India 2018-Blitz"]
[Site "Kolkata"]
[Date "2018.11.14"]
[Round "15"]
[White "Vidit, Santosh Gujrathi"]
[Black "Ganguly, Surya Shekhar"]
[Result "1/2-1/2"]
[WhiteElo "2702"]
[BlackElo "2615"]
[Annotator "TA"]
[PlyCount "168"]
[EventDate "2018.11.09"]
[EventType "tourn"]
[EventCountry "IND"]
[SourceTitle "playchess.com"]
[Source "ChessBase"]
[SourceQuality "1"]

{[%evp 12,168,39,10,52,7,16,12,0,1,13,-22,-9,-13,-17,-19,-8,-79,0,-64,-68,-68,-60,-48,8,16,6,10,24,8,5,3,52,0,42,-8,-7,-112,-12,-14,-14,-22,-25,-25,-25,-30,-31,-32,-20,-35,-34,-35,0,0,0,-5,-5,-10,0,0,0,0,0,0,0,0,0,0,0,0,8,9,12,0,8,8,8,8,8,8,8,0,0,0,0,0,0,0,0,0,14,14,77,4,4,4,4,4,4,4,4,8,8,6,54,54,54,54,56,56,56,45,67,67,67,67,66,66,66,66,66,66,66,38,38,38,46,24,24,8,18,8,52,24,24,24,24,24,24,24,35,24,24,8,8,8,8,8,8,8,8,8,8,8,8,8,8,8,8]} 1. e4 e5 2. Nf3 Nc6 3. Bb5 Nf6 4. d3 Bc5 5. Bxc6 dxc6 6. Nc3 Be6 {C48: Vierspringerspiel (Rubinstein-Variante)} 7. h3 {LiveBook: 5 Partien} h6 (7... Nd7 8. Ng5 Nf8 9. O-O Qe7 10. Na4 Bd6 11. Nf3 Ng6 12. Nc3 O-O-O 13. Be3 Nf4 14. Bxf4 exf4 {1-0 (42) Anand,V (2759)-Kramnik,V (2792) Paris 2018}) 8. Be3 (8. Nxe5 {is more complex.} Bxf2+ 9. Kxf2 Qd4+ 10. Be3 Qxe5 11. Rf1) 8... Bd6 9. d4 $146 ({Vorgänger:} 9. Qe2 Qe7 10. a3 Nd7 11. d4 O-O 12. g4 exd4 13. Nxd4 Nb6 {½-½ (27) Zhigalko,S (2625)-Salomon,J (2503) Moscow 2018}) 9... Nd7 10. Qd3 {[#] Und d5 würde nun gewinnen.} exd4 11. Bxd4 O-O 12. O-O Qe7 (12... c5 $5 13. Be3 $8 Qf6 $15) 13. Rfe1 Rad8 14. Nd5 (14. Ne2 $11 {bleibt in der Remisbreite.}) 14... Qe8 (14... cxd5 $17 15. exd5 c5 16. dxe6 Nb6 17. exf7+ Qxf7) 15. c4 (15. Qd2 $11) 15... f6 $1 $15 ({Viel schwächer wäre} 15... cxd5 16. exd5 Bb4 17. Re3 $11 (17. dxe6 Bxe1 18. exd7 Qxd7 $15)) 16. Ne3 Qh5 17. Nf5 Nc5 (17... Bb4 $15 18. Red1 Bxf5 19. exf5 Ne5) 18. Qc2 $11 Rfe8 19. Nxd6 cxd6 20. Re3 Bf7 21. Rae1 Ne6 {[%cal Bc5e6,Be6f4,Bf4d3][%mdl 32]} 22. Bc3 (22. Bxa7 $14 Nf4 23. Bb6) 22... Nf4 23. Nd2 d5 24. exd5 (24. cxd5 $11 {hält das Gleichgewicht.} cxd5 25. Rf3) 24... Rxe3 (24... cxd5 $17 25. Rxe8+ Rxe8 26. Rxe8+ Bxe8 27. cxd5 Qxd5) 25. fxe3 Bg6 26. Qd1 Nd3 27. Qxh5 Bxh5 28. Rf1 cxd5 29. cxd5 Rxd5 30. e4 Rd7 31. Nf3 b5 32. a3 $1 a5 33. Rd1 a4 34. Rd2 Bf7 (34... Bg6 {seems wilder.} 35. Re2 Re7 36. e5 Kf7 37. g3 Bh7) 35. Ne1 Nc5 36. Rxd7 Nxd7 {[%mdl 4096] Endspiel KLS-KLS} 37. Kf2 Bc4 38. Ke3 Kf7 39. Nf3 g5 40. g3 h5 41. h4 gxh4 42. Nxh4 Be6 43. Nf5 Kg6 44. Nd6 Kg5 45. Nxb5 Kg4 46. Nd4 Bc4 47. Be1 Ne5 48. Nf5 Be6 49. Ne7 Nc4+ 50. Kd4 Nxb2 51. Nd5 {[#] zielt auf Se3+ ab.} Kg5 (51... Kf3 $11) 52. Ne3 (52. Bd2+ $16 Kg6 53. Nf4+ Kf7 54. Nxh5 (54. Nxe6 Kxe6 55. Be3 f5 $11)) 52... Bb3 $1 53. Bd2 {Droht stark Kc3.} Kg6 54. Bc1 Nd1 55. Nd5 Nf2 56. Nf4+ Kf7 57. Be3 Ng4 (57... Nh1 {looks sharper.} 58. Nxh5 Bd1 59. g4 Bxg4 60. Nf4 Ng3) 58. Nxh5 Ne5 59. Nf4 Nc4 60. Bc1 Nd6 61. Nd3 Ke7 62. Nc5 Bc2 63. Kd5 Nb5 64. Bb2 Nc7+ 65. Kc4 Ne6 66. Nd3 Ng5 67. e5 fxe5 68. Bxe5 Ke6 69. Bc3 Ne4 70. Be1 Kf5 71. Kd4 {g4+! ist eine echte Drohung.} Nf6 72. Nc5 Kg4 73. Kc3 Bd1 74. Kd2 Bf3 75. Nxa4 Ne4+ 76. Ke3 Nxg3 77. Bxg3 (77. Kd3 {feels hotter.} Bc6 78. Nc5 Nf5 79. Nb3 Nd6 80. Bb4) 77... Kxg3 {KL-KS. Die Stellung ist ausgeglichen.} 78. Nc5 Bd1 79. Ne4+ Kh4 80. Kd2 Ba4 81. Kc3 Kg4 82. Kb4 Bc2 83. Nc5 Kf5 84. Nb3 Ke5 {Precision: Weiß = 60%, Schwarz = 63%.} 1/2-1/2

[Event "Tata Steel India 2018-Blitz"]
[Site "Kolkata"]
[Date "2018.11.14"]
[Round "16"]
[White "Aronian, Levon"]
[Black "Mamedyarov, Shakhriyar"]
[Result "1-0"]
[WhiteElo "2765"]
[BlackElo "2817"]
[Annotator "TA"]
[PlyCount "55"]
[EventDate "2018.11.09"]
[EventType "tourn"]
[EventCountry "IND"]
[SourceTitle "playchess.com"]
[Source "ChessBase"]
[SourceQuality "1"]

{[%evp 19,55,28,22,17,238,230,367,229,284,277,255,243,307,313,380,352,351,265,260,252,247,150,504,508,493,337,324,321,357,362,373,373,399,379,429,377,509,515]} 1. d4 d5 2. Nf3 Nf6 3. c4 c5 4. cxd5 cxd4 5. Nxd4 Qxd5 6. Nc3 {A31: Symmetrical English: 2 Nf3 Nf6 3 d4} Qa5 7. Nb3 Qc7 8. g3 e5 9. Bg2 Bb4 10. Bd2 O-O {LiveBook: 11 Games} 11. Rc1 {[#] aiming for Nd5.} Rd8 $146 (11... Nc6 $11 {and Black has nothing to worry.}) 12. Nd5 $1 $18 {[%cal Rd5c7]} Bxd2+ (12... Nxd5 {might work better.} 13. Rxc7 Nxc7) 13. Nxd2 Qd6 {[#]} 14. Nc7 $1 Nc6 15. Nxa8 Be6 16. O-O Qb4 17. a3 Qxb2 18. Rc2 Qxa3 19. Bxc6 bxc6 20. Nc7 ({Don't do} 20. Rxc6 $6 Qb4 $16) 20... Bb3 $2 (20... Bf5 $16) 21. Qc1 Qxc1 22. Rfxc1 Bxc2 23. Rxc2 a5 24. Nc4 a4 25. Nxe5 Ne4 26. Nxc6 Rd1+ 27. Kg2 a3 28. Nb5 {Precision: White = 80%, Black = 26%.} 1-0

[Event "Tata Steel India 2018-Blitz"]
[Site "Kolkata"]
[Date "2018.11.14"]
[Round "16"]
[White "Harikrishna, Pentala"]
[Black "Karjakin, Sergey"]
[Result "0-1"]
[WhiteElo "2729"]
[BlackElo "2753"]
[Annotator "TA"]
[PlyCount "102"]
[EventDate "2018.11.09"]
[EventType "tourn"]
[EventCountry "IND"]
[SourceTitle "playchess.com"]
[Source "ChessBase"]
[SourceQuality "1"]

{[%evp 9,102,22,46,22,44,-8,-12,-7,-10,-13,-10,-12,-12,-12,0,-36,-16,-1,0,-5,-24,-8,-2,-22,0,0,0,0,-6,-51,0,0,5,0,0,0,68,61,61,60,71,36,51,54,51,35,32,-4,-7,-70,-48,-57,-41,-47,-40,-77,-71,-47,-41,-269,-232,-253,-254,-247,-216,-364,-350,-321,-226,-388,-388,-388,-286,-459,-445,-665,-636,-1662,-1127,-1718,-879,-29973,-29974,-29975,-29976,-29975,-29976,-29973,-29972,-29978,-29979,-29986,-29987,-29987,-29988]} 1. e4 c6 2. Nc3 d5 3. Nf3 dxe4 4. Nxe4 Nf6 5. Qe2 Qd5 {LiveBook: 5 Games} (5... Bg4 6. h3 Bh5 7. Nxf6+ gxf6 8. g3 e6 9. Bg2 Na6 10. d3 Bd6 11. O-O Nc7 12. c4 Qd7 13. b3 {1-0 (51) Vachier Lagrave,M (2780)-Shimanov,A (2626) chess.com INT 2018}) 6. Nc3 {B11: Caro-Kann: Two Knights Variation} Qh5 $146 ({Predecessor:} 6... Qe6 7. b4 g6 8. Bb2 Bg7 9. Qxe6 Bxe6 10. Ne4 Nbd7 11. Nxf6+ Nxf6 12. Nd4 Nd5 13. a3 {½-½ (44) Parligras,M (2645)-Gukesh,D (2440) Abu Dhabi 2018}) 7. Qe5 (7. h3 $14) 7... Qxe5+ $11 8. Nxe5 {The position is equal.} Bf5 9. Bc4 e6 10. d3 Nbd7 11. Nxd7 Nxd7 12. O-O Be7 13. a4 a5 14. Ne2 h5 15. Be3 h4 16. h3 O-O-O 17. Bd2 Bb4 18. Bxb4 axb4 19. a5 Kc7 (19... Ne5 $15 20. Bb3 c5) 20. Ra4 Ra8 21. Rfa1 c5 22. Bb5 e5 ({Black should try} 22... Ne5 $11) 23. c3 $14 bxc3 24. Nxc3 Be6 25. Ne4 f5 26. Nc3 Nf6 27. Re1 Kd6 $1 28. a6 bxa6 29. Bxa6 (29. Rea1 $11) 29... Bd7 $36 {[%mdl 2048] Black fights for an advantage.} 30. Ra3 Rhb8 31. Bc4 Bc6 32. Rea1 Rxa3 33. bxa3 Nh5 34. Rb1 $2 {[#]} (34. Nd1 $15) 34... Rxb1+ $19 35. Nxb1 {[%mdl 4096] Endgame KBN-KBN} Nf4 36. f3 Ba4 37. Nc3 (37. Nd2 {is a better defense.}) 37... Bc2 38. a4 Bxd3 39. Bxd3 $2 (39. Nb5+ Kc6 40. Na3) 39... Nxd3 {KN-KN} 40. Kf1 c4 41. Ke2 $2 (41. a5 Kc5 42. Nb1) 41... Nf4+ 42. Kf2 (42. Kd2 $142 Nxg2 43. a5) 42... Kc5 43. g3 Nd3+ 44. Kg2 hxg3 45. Kxg3 Kb4 {Black mates.} 46. Nd5+ Kxa4 47. Kh4 Kb3 48. Kg5 f4 49. Kg6 c3 50. Nxc3 Kxc3 51. Kxg7 {[#]} e4 $1 {Precision: White = 35%, Black = 63%.} 0-1

[Event "Tata Steel India 2018-Blitz"]
[Site "Kolkata"]
[Date "2018.11.14"]
[Round "16"]
[White "Ganguly, Surya Shekhar"]
[Black "So, Wesley"]
[Result "1-0"]
[WhiteElo "2615"]
[BlackElo "2765"]
[Annotator "TA"]
[PlyCount "61"]
[EventDate "2018.11.09"]
[EventType "tourn"]
[EventCountry "IND"]
[SourceTitle "playchess.com"]
[Source "ChessBase"]
[SourceQuality "1"]

{[%evp 15,61,0,0,-10,0,-8,0,0,0,-17,12,2,50,43,42,46,42,35,55,67,98,0,7,0,0,0,0,-68,-37,-136,-136,-141,-147,-93,0,0,0,-127,0,0,945,922,29986,0,1153,1122,29998,29997]} 1. Nf3 d5 2. g3 Bg4 3. Bg2 c6 4. O-O Nd7 5. h3 Bh5 6. d4 {A07: Barcza-System (Königsfianchetto mit möglichen Übergängen in andere Systeme)} e6 7. c4 Be7 8. Nc3 dxc4 {LiveBook: 3 Partien} 9. a4 $146 ({Vorgänger:} 9. b3 cxb3 10. Qxb3 Qb6 11. Qa4 Ngf6 12. Rb1 Qc7 {0-1 (39) Matlakov,M (2718)-Giri,A (2752) Wijk aan Zee 2018}) 9... a5 10. e4 Ngf6 11. Qe2 Bxf3 12. Bxf3 e5 13. Be3 exd4 14. Bxd4 Bc5 15. e5 Bxd4 16. exf6+ Kf8 17. fxg7+ Kxg7 {[#]} 18. Rad1 ({Besser ist} 18. Bxc6 $1 $16 {[%mdl 512]} Ne5 (18... bxc6 19. Qg4+) 19. Be4 (19. Bxb7 Rb8 $16)) 18... Ne5 19. Be4 Qb6 20. Qh5 Ng6 21. Ne2 (21. Rd2 $11) 21... Bf6 22. Rd7 (22. Nf4 $15 Rhd8 23. h4) 22... Rad8 $1 $17 {[%cal Rd8d7]} 23. Rfd1 {Und Sf4 würde nun gewinnen.} Rxd7 24. Rxd7 {Droht Sf4 und aus.} Ne5 (24... Rd8 $17 25. Rxf7+ Kxf7 26. Qxh7+ Ke6 27. Bxg6 Kd6) 25. Rd1 Ng6 (25... Rd8 $11 26. Rxd8 (26. Qxh7+ Kf8 $11) 26... Qxd8) 26. Rd7 {[#] Droht stark Sf4.} Ne5 (26... Rd8 $1 $17 {[%cal Rd8d7]} 27. Rxf7+ Kxf7 28. Qxh7+ Ke6 29. Bxg6 Kd6) 27. Rd6 $11 Qc5 $2 {[%mdl 8192] [#]} (27... Ng6 $11) 28. Nd4 $1 $18 {[%cal Rd4f5] Und weiter mit Sf5+ wäre nett.} Be7 29. Qh6+ (29. Nf5+ $142 Kg8 30. Nxe7+ Kf8 31. Nf5 Qxd6 32. Nxd6 Ng6 33. Bxg6 hxg6 34. Qxh8+ Ke7 35. Qe5+ Kd7 36. Nxf7) 29... Kg8 {[#]} 30. Nf5 $1 {[%cal Rf5e7][%mdl 512]} Bf8 31. Rd8 {Precision: Weiß = 49%, Schwarz = 44%.} 1-0

[Event "Tata Steel India 2018-Blitz"]
[Site "Kolkata"]
[Date "2018.11.14"]
[Round "16"]
[White "Praggnanandhaa R"]
[Black "Vidit, Santosh Gujrathi"]
[Result "0-1"]
[WhiteElo "2530"]
[BlackElo "2702"]
[Annotator "TA"]
[PlyCount "78"]
[EventDate "2018.11.09"]
[EventType "tourn"]
[EventCountry "IND"]
[SourceTitle "playchess.com"]
[Source "ChessBase"]
[SourceQuality "1"]

{[%evp 16,78,11,7,23,23,21,6,0,0,11,0,19,10,39,-1,0,-3,-3,-3,-5,-11,-8,-8,-9,-14,0,-18,0,0,0,0,0,-79,0,0,0,0,0,-14,-13,-11,-8,-11,0,-1083,-1061,-1459,-1335,-2938,-2812,-29983,-29984,-29982,-29983,-29983,-29983,-12837,-2429,-1955,-1347,-1814,-1449,-1356,-1302]} 1. Nf3 d5 2. g3 c5 3. Bg2 Nf6 4. O-O g6 5. d4 (5. c4 Bg7 6. Qa4+ Nc6 7. cxd5 Nxd5 8. Nc3 e6 9. Qc4 b6 10. d3 O-O 11. Bg5 Qd7 12. Rac1 Bb7 13. Qh4 Nde7 14. Rfd1 Nf5 15. Qa4 h6 16. Bd2 {0-1 (40) Oparin,G (2609)-Vidit,S (2715) Linares 2018}) 5... cxd4 6. Nxd4 {A08: King's Indian Attack} Bg7 7. Nb3 Nc6 8. Nc3 e6 9. e4 {[%cal Re4d5] LiveBook: 6 Games} Nxe4 10. Nxe4 dxe4 11. Bxe4 Qc7 12. c3 O-O 13. Be3 $146 ({Predecessor:} 13. Qe2 e5 14. Be3 b6 {1-0 (35) Huizer,M (2201)-Formanek,E (2276) Hastings 2008}) 13... Ne5 14. Qe2 Bd7 (14... Qc4 $5 {[%cal Rc4e2]} 15. Qc2 a5 $14) 15. Bd4 Bc6 16. Bxc6 Nxc6 17. Bxg7 Kxg7 18. Rfd1 Rad8 19. Nc5 b6 20. Ne4 Ne5 21. b3 Qc6 22. c4 f6 23. Rxd8 Rxd8 24. Re1 {[#]} (24. f4 $11 Nd3 25. Qe3) 24... Rd3 (24... Rd4 $1 $17) 25. Ng5 $1 $11 Kg8 26. f4 Qc5+ 27. Kh1 fxg5 28. fxe5 {[%mdl 4096] Endgame KQR-KQR} Qd4 {aiming for ...Rd2.} 29. Rf1 g4 30. Rf4 $2 {[%mdl 8192] [#]} (30. Qg2 $11) 30... Rd1+ $19 31. Rf1 Rd2 32. Qe1 Rxa2 33. Rf4 Qb2 {[%csl Ga2][%cal Rb2h2]} 34. Qg1 Qe2 35. b4 Rd2 36. c5 Rd1 (36... g5 $142 37. Rf2 Qxf2 38. Qxf2 Rxf2 39. cxb6 axb6) 37. c6 Rxg1+ 38. Kxg1 Qb5 39. c7 Qc6 {Precision: White = 46%, Black = 49%.} 0-1

[Event "Tata Steel India 2018-Blitz"]
[Site "Kolkata"]
[Date "2018.11.14"]
[Round "17"]
[White "Mamedyarov, Shakhriyar"]
[Black "So, Wesley"]
[Result "0-1"]
[WhiteElo "2817"]
[BlackElo "2765"]
[Annotator "TA"]
[PlyCount "61"]
[EventDate "2018.11.09"]
[EventType "tourn"]
[EventCountry "IND"]
[SourceTitle "playchess.com"]
[Source "ChessBase"]
[SourceQuality "1"]

{[%evp 10,61,8,11,19,-2,-8,-4,-6,-40,-25,-28,-33,-61,-44,-65,-63,-75,-76,-84,-90,-72,-79,-82,-96,-83,-90,-134,-104,-144,-125,-138,-131,-486,-490,-485,-463,-470,-467,-586,-586,-612,-591,-1997,-1908,-29981,-29975,-5957,-5435,-29990,-29990,-29991,-29992,-29994]} 1. f4 d5 2. Nf3 g6 3. g3 Bg7 4. Bg2 Nf6 5. O-O b6 6. c4 {LiveBook: 3 Games. A03: Bird's Opening with 1...d5} c5 7. Ne5 O-O 8. Nc3 {[%cal Rc3d5] The position is equal.} Bb7 9. g4 $146 ({Predecessor:} 9. Qa4 e6 10. d3 Qe7 11. e4 Rd8 12. Re1 dxc4 13. dxc4 Nfd7 {1-0 (29) Zufic,M (2453)-Biliskov,V (2342) Zadar 2014}) 9... e6 10. e3 Ne4 11. d4 f6 {[%cal Bf7f6,Bf6f5][%mdl 32]} 12. Nd3 cxd4 13. exd4 {[#]} f5 $1 $36 {[%mdl 2048] Keeping White busy.} 14. Ne5 dxc4 15. Nxe4 Bxe4 16. Bxe4 fxe4 17. Be3 Qd5 18. Rc1 b5 19. b3 {[%cal Rb3c4] [#]} Nc6 $1 {[%cal Bb8c6,Bc6e5,Be5c4,Bc4e3][%mdl 32]} 20. bxc4 bxc4 21. Rxc4 $2 {[%mdl 8192]} (21. Qd2 $17) 21... Nxe5 $19 22. Rc5 Nc4 (22... Nxg4 $2 23. Qxg4 Qxa2 24. Rfc1 $19) 23. Rxd5 {aiming for Rd7.} Nxe3 ({Less strong is} 23... exd5 24. Qe1 $11) 24. Qe2 {Black must now prevent Rd7.} Nxf1 25. Rd7 Rxf4 26. Qc4 Ne3 27. Qxe6+ Kh8 {[%csl Ge3][%cal Rf4f1]} 28. h3 Raf8 29. Rxg7 Kxg7 30. Qe5+ Kh6 31. Qd5 {Precision: White = 25%, Black = 96%.} 0-1

[Event "Tata Steel India 2018-Blitz"]
[Site "Kolkata"]
[Date "2018.11.14"]
[Round "17"]
[White "Anand, Viswanathan"]
[Black "Harikrishna, Pentala"]
[Result "1-0"]
[WhiteElo "2773"]
[BlackElo "2729"]
[Annotator "TA"]
[PlyCount "66"]
[EventDate "2018.11.09"]
[EventType "tourn"]
[EventCountry "IND"]
[SourceTitle "playchess.com"]
[Source "ChessBase"]
[SourceQuality "1"]

{[%evp 34,66,15,23,34,11,31,0,25,32,37,0,13,-16,0,0,190,68,131,129,135,134,151,146,316,294,370,370,354,350,345,345,419,276,1287]} 1. e4 e5 2. Nf3 Nc6 3. Bb5 {[%cal Bf1b5,Bb5a4,Ba4b3][%mdl 32]} a6 4. Ba4 Nf6 5. O-O Be7 6. Re1 b5 7. Bb3 d6 8. c3 O-O 9. h3 Nb8 10. d4 Nbd7 11. Nbd2 Bb7 12. Bc2 Re8 13. Nf1 Bf8 14. Ng3 g6 15. b3 Bg7 16. d5 Qe7 {C95: Closed Ruy Lopez: Breyer Variation with 10 d4} (16... Rc8 17. c4 c6 18. Be3 Nb6 19. Nd2 cxd5 20. cxd5 Nbxd5 21. exd5 Nxd5 22. Nf3 Nxe3 23. fxe3 d5 24. Qd2 {0-1 (76) McShane,L (2671)-Adams,M (2744) London 2016}) 17. c4 c6 18. Be3 {LiveBook: 20 Games} Nc5 $146 {White has an edge.} ({Predecessor:} 18... Rec8 19. Qd2 a5 20. dxc6 Bxc6 21. cxb5 Bxb5 22. Rad1 a4 23. bxa4 Bxa4 24. Bxa4 Rxa4 25. Qxd6 Qxd6 26. Rxd6 Rxa2 {½-½ (55) Pichot,A (2565)-Bitelmajer,M (2431) Villa Martelli 2017}) 19. Qd2 a5 20. a3 (20. Rad1 {is interesting.} Red8 21. Bxc5 dxc5 22. Qg5 Qc7 23. cxb5 cxb5 24. Bd3) 20... a4 (20... bxc4 {feels hotter.} 21. bxc4 Nfd7 22. Ne2 Rec8 23. Nc3 Ba6) 21. Bxc5 dxc5 22. cxb5 (22. bxa4 {keeps more tension.} bxc4 23. d6 Qd7 24. Rad1 Ba6 25. Qc3) 22... cxd5 {aiming for ...axb3.} 23. exd5 axb3 24. Bxb3 {Hoping for d6.} Qd6 $2 {[#]} (24... Nxd5 $1 $11 25. Bxd5 Rad8) 25. Ra2 (25. Ng5 $1 $18) 25... h6 (25... Rad8 $14) 26. Qd3 $16 Rad8 {[%cal Rb7d5]} 27. Rd2 Nxd5 28. Red1 Qb6 $2 {[#]} (28... Qe7 $16 29. Qc4 (29. Bxd5 Rxd5 30. Qc2 Rxd2 $11) 29... Kh8 30. Rxd5 Rxd5) 29. Qc4 $18 Qc7 30. Rxd5 Bxd5 31. Rxd5 Rxd5 32. Qxd5 Rd8 33. Qc6 Qa5 $2 {Precision: White = 50%, Black = 12%.} (33... Qxc6 34. bxc6 Rc8) 1-0

[Event "Tata Steel India 2018-Blitz"]
[Site "Kolkata"]
[Date "2018.11.14"]
[Round "17"]
[White "Karjakin, Sergey"]
[Black "Aronian, Levon"]
[Result "1/2-1/2"]
[WhiteElo "2753"]
[BlackElo "2765"]
[Annotator "TA"]
[PlyCount "112"]
[EventDate "2018.11.09"]
[EventType "tourn"]
[EventCountry "IND"]
[SourceTitle "playchess.com"]
[Source "ChessBase"]
[SourceQuality "1"]

{[%evp 25,112,10,40,31,36,14,22,0,7,0,0,0,0,-25,-21,-25,-25,-24,-26,-25,-28,-10,43,60,58,54,76,71,73,69,78,79,72,60,143,134,194,194,427,441,662,643,920,0,457,33,24,14,14,14,82,66,64,-481,302,287,272,-78,-80,-70,0,0,0,0,0,0,0,0,0,0,0,0,0,0,0,0,0,0,0,0,0,0,0,0,0,0,0,0,0]} 1. e4 e5 2. Nf3 Nc6 3. Bb5 a6 4. Ba4 Nf6 5. O-O Be7 6. d3 {[%cal Bd2d3,Bd3d4][%mdl 32]} b5 7. Bb3 d6 8. a4 Bd7 9. c3 {C84: Closed Ruy Lopez: Unusual White 6th moves} Na5 (9... O-O 10. Bc2 Re8 11. Re1 b4 12. Nbd2 Rb8 13. Nf1 Bf8 14. Bg5 h6 15. Bh4 Be7 16. h3 Nh7 {1-0 (61) Karjakin,S (2775)-Aronian,L (2815) Beijing 2012}) 10. Bc2 c5 11. d4 Qb8 12. Bg5 h6 13. Bh4 Be6 {[#] LiveBook: 4 Games} 14. axb5 $146 ({Predecessor:} 14. Nbd2 O-O 15. h3 Rc8 16. Bg3 cxd4 17. cxd4 {½-½ (57) Giri,A (2772)-Ding,L (2777) Wenzhou 2017}) 14... axb5 15. Nbd2 O-O 16. Re1 Rc8 17. h3 cxd4 18. cxd4 Qb6 19. dxe5 dxe5 20. Bd3 Nc6 21. Qe2 Rab8 22. Rac1 Rd8 23. Red1 Nb4 ({Black should try} 23... Rd6 $11) 24. Nxe5 $14 Nxd3 25. Nxd3 Rbc8 26. Rxc8 Bxc8 27. e5 Nd5 28. Bxe7 Nxe7 29. Ne4 Nf5 ({Black should play} 29... Ng6 $14) 30. Ndc5 $16 Re8 (30... Nd4 $16 31. Qe3 Nf5 32. Rxd8+ Qxd8) 31. f4 $18 f6 $2 {[#]} (31... Ng3 32. Qf2 (32. Nxg3 Qxc5+ 33. Kh2 Rf8 $16) 32... Nxe4 33. Nxe4 Qxf2+ 34. Kxf2 Be6) 32. Qh5 $1 {[%cal Rh5e8]} Re7 (32... Rf8 $142 33. exf6 Qb8 34. fxg7 Nxg7 35. Qd5+ Kh7) 33. Qg6 {[%cal Re4f6] Threatens to win with Nxf6+.} Nh4 34. Qh5 (34. Nxf6+ $142 Qxf6 35. Rd8+ Qf8 36. Rxf8+ Kxf8 37. Qc6) 34... Nf5 35. b4 $2 (35. g4 $18 Bb7 36. Qxf5 Bxe4 37. Qc8+ (37. Qxe4 Qxc5+ 38. Kg2 Kf7 $16) 37... Kh7 38. Rd8) 35... fxe5 $14 36. fxe5 Rxe5 {[#]} 37. Nd6 $1 {[%mdl 512]} Qc7 (37... Rxc5 $1 $11 {keeps the balance.} 38. Qe8+ (38. bxc5 Qxc5+ 39. Kh2 Qe5+ 40. Kg1 Qe3+ 41. Kh2 Nxd6 $17) 38... Kh7 39. bxc5 Qxc5+ 40. Kh2 Nxd6) (37... Nxd6 38. Qxe5) 38. Nxc8 ({Don't play} 38. Nxb5 $6 Qe7 $11) 38... Qxc8 39. g4 $2 {[%mdl 8192] [#]} (39. Nd7 $1 $14 {stays ahead.} Qe8 40. Qxe8+ Rxe8 41. Rd5 Re1+ 42. Kh2) 39... Qc7 $4 {[%mdl 8192]} ({Weaker is} 39... Rxc5 40. Rf1 $17) (39... Nd4 $1 $19 {[%mdl 512] and all is fine.} 40. Qg6 (40. Rxd4 Rxh5) 40... Ne2+ 41. Kh2 Qf8) 40. gxf5 $18 Re3 {( -> ...Rg3+)} 41. Ne4 $2 (41. Ne6 $18 {Threatening mate with Qe8+.} Qg3+ 42. Kh1) 41... Rxe4 $17 {[%mdl 4096] Endgame [#] KQR-KQR} 42. f6 $1 {[%mdl 512] Hoping for Qd5+.} Qg3+ (42... Rxb4 $15 43. Qd5+ Qf7 44. Qa8+ Kh7 45. fxg7 Qxg7+ 46. Kh1 Rc4) (42... gxf6 43. Qd5+) 43. Kh1 $11 {The position is equal.} Re1+ 44. Rxe1 Qxe1+ {KQ-KQ} 45. Kg2 Qd2+ 46. Kh1 Qc1+ 47. Kg2 {Qe8+ is the strong threat.} Qb2+ 48. Kh1 Qc1+ 49. Kh2 Qf4+ 50. Kg2 {Threatening Qe8+.} Qe4+ 51. Kh2 Qc2+ ({Much weaker is} 51... Qxb4 $6 52. Qe8+ Kh7 53. f7 $16) 52. Kg3 {next Qe8+ is good for White.} Qd3+ 53. Kg2 {Black should prevent Qe8+.} gxf6 54. Qxh6 Qe4+ 55. Kg3 Qxb4 {Strongly threatening ...Qc3+.} 56. Qg6+ Kh8 {Precision: White = 41%, Black = 44%.} 1/2-1/2

[Event "Tata Steel India 2018-Blitz"]
[Site "Kolkata"]
[Date "2018.11.14"]
[Round "17"]
[White "Vidit, Santosh Gujrathi"]
[Black "Nakamura, Hikaru"]
[Result "0-1"]
[WhiteElo "2702"]
[BlackElo "2746"]
[Annotator "TA"]
[PlyCount "114"]
[EventDate "2018.11.09"]
[EventType "tourn"]
[EventCountry "IND"]
[SourceTitle "playchess.com"]
[Source "ChessBase"]
[SourceQuality "1"]

{[%evp 17,114,44,38,28,51,22,28,0,8,0,0,0,0,0,0,2,0,0,9,10,7,0,0,0,12,0,0,0,0,0,0,-10,-10,-50,-13,-34,-36,-56,-56,-71,-71,-72,-66,-142,-106,-176,-166,-174,-152,-166,-150,-159,-135,-114,-72,-68,-42,-33,-34,-58,-64,-45,-18,-47,-59,-66,-55,-51,0,-35,-45,-59,0,-10,0,0,0,-24,0,-62,-30,-142,-34,-17,-25,-53,-50,-68,-55,-170,0,-777,-729,-1031,-1031,-1006,-1008,-927,-919]} 1. e4 d5 2. exd5 Qxd5 3. Nc3 Qd8 4. d4 Nf6 5. Nf3 g6 6. h3 {B01: Scandinavian Defence} (6. Be2 Bg7 7. O-O O-O 8. Bf4 Nc6 9. Qd2 b6 10. Rad1 Bb7 11. Rfe1 e6 12. Bh6 Ne7 13. Bxg7 Kxg7 {1-0 (60) Piorun,K (2612)-Nakamura,H (2763) Batumi 2018}) 6... Bg7 7. Bc4 O-O 8. O-O a6 9. a4 Nc6 {LiveBook: 3 Games} 10. Be3 e6 $146 ({Predecessor:} 10... Qd6 11. Qe2 Bf5 12. Rfd1 Rae8 13. Bg5 {1-0 (37) Stratonowitsch,A (2138)-Fernandes,T (1627) Batumi 2018}) 11. Qd2 Ne7 12. Bh6 b6 13. Bxg7 Kxg7 14. Rad1 Bb7 15. Ne5 Qd6 16. Rfe1 Rad8 17. Ne2 b5 18. axb5 axb5 19. Bb3 c5 20. c3 Nc6 21. Qe3 c4 $40 {[%mdl 128] Black mounts an attack.} 22. Bc2 Nd5 23. Qg3 Nce7 24. h4 f6 25. Ng4 Nf5 26. Qxd6 Rxd6 27. g3 Ra8 28. Ra1 Rda6 29. Rxa6 Rxa6 30. Nc1 ({White should try} 30. Be4 $15) 30... Kf7 31. Nh2 (31. Ne2 $17) 31... b4 $19 32. Bxf5 gxf5 33. Ne2 Ra2 34. Rb1 Nb6 35. f3 Nd5 36. cxb4 Nxb4 37. Nc3 Ra7 38. b3 cxb3 39. Rxb3 Nd3 40. Nb5 Ra1+ 41. Kg2 $1 Ra2+ 42. Kg1 $1 Ra1+ (42... Ba6 $5 {[%cal Rd3c1]} 43. d5 Ra1+ 44. Kg2 Ne1+ 45. Kh3 exd5 46. Nd6+ Ke6 $15) 43. Kg2 $1 Ne1+ 44. Kf2 {[#] Hoping for Nd6+.} Bd5 45. Rc3 Rd1 46. Ke2 Rb1 47. Nc7 Bb7 48. h5 ({Better is} 48. Kf2 $11) 48... Ke7 49. g4 {[#]} (49. Kf2 $11 {keeps the balance.}) 49... Kd7 (49... f4 $1 $17 {...Ng2 is the strong threat.} 50. h6 Kd7) 50. gxf5 $15 exf5 {Threatens to win with ...Ng2.} 51. d5 Ng2 52. Kf2 Nf4 {Strongly threatening ...Rb2+.} 53. Ke3 (53. Nf1 $15) 53... Ng2+ $2 (53... Nxh5 $19 {aiming for ...f4+.} 54. Rc2 Rb3+ 55. Kf2 Nf4) 54. Kd4 $2 {[%mdl 8192]} (54. Kf2 $11 Nf4 55. Nf1) 54... Rd1+ $19 {Black is clearly winning.} 55. Rd3 Rxd3+ 56. Kxd3 Kxc7 57. Kd4 Kd6 {Precision: White = 31%, Black = 48%.} 0-1